ALW's Phantom of the Opera - Song Titles Quiz - Statistics

General Stats
  • This quiz has been taken 304 times
  • The average score is 15 of 20
Answer Stats
Track Nº Main Characters It's sung by Track name % Correct
6) Phantom, Christine The Phantom of the Opera
97%
13) Raoul, Christine All I Ask of You
95%
10) André, Firmin, Raoul, Carlotta Notes/Prima Donna
95%
15) Full Company, Phantom Masquerade/Why So silent
94%
7) Phantom The Music of the Night
93%
3) Carlotta, Christine, Raoul Think of Me
93%
4) Christine, Meg Angel of Music
92%
5) Raoul, Christine, Phantom Little Lotte/The Mirror
83%
19) Phantom, Christine The Point of No Return
79%
14) Phantom All I Ask of You (Reprise)
77%
2) (Instrumental) Overture
77%
20) Phantom, Angry Mob Down Once More/Track Down This Murderer
74%
17) Christine Wishing You Were Somehow Here Again
74%
8) Christine, Phantom I Remember/Stranger Than You Dreamt It
68%
1) Old Raoul Prologue
63%
9) Joseph Buquet, Madame Giry Magical Lasso
61%
11) Carlotta Poor Fool, He Makes Me Laugh
60%
12) Raoul, Christine Why Have You Brought Me Here?/Raoul, I’ve Been There
59%
18) Phantom, Christine, Raoul Wandering Child/Bravo, Bravo
58%
16) Christine, Raoul Twisted Every Way
47%
No matching quizzes found
Score Distribution
Percent of People with Each Score
Percentile by Number Answered
Your Score History
You have not taken this quiz